Tibet and the Chinese People's Republic : (Record no. 903)

MARC details
000 -LEADER
fixed length control field 00571nam a22001577a 4500
005 - DATE AND TIME OF INPUT
control field 20231123141120.0
008 - DATA ELEMENTS--GENERAL INFORMATION
fixed length control field 231123b |||||||| |||| 00| 0 eng d
041 ## - LANGUAGE CODE
Language code of text English
082 ## - SHELF NUMBER
DDC number 341.77 INT
100 ## - MAIN AUTHOR
Language of a work English
245 ## - TITLE STATEMENT
Title Tibet and the Chinese People's Republic :
Sub-title A Report to the International Commission of Jurists by its Legal Inquiry Committee on Tibet
260 ## - PUBLICATION, DISTRIBUTION, ETC.
Place of publication, distribution, etc. Geneva :
Name of publisher, distributor, etc. International Commission of Jurists,
Date of publication, distribution, etc. 1960
300 ## - PHYSICAL DESCRIPTION
Other physical details xiii, 345 pages ;
Dimensions 25 cm.
650 ## - SUBJECT`
Broad subject Legal practice
Own subject terms Law
942 ## - ADDED ENTRY ELEMENTS (KOHA)
Item type Books
942 ## - ADDED ENTRY ELEMENTS (KOHA)
-- ALISON_BN_VRIES
Holdings
Source of classification or shelving scheme Not for loan Collection code Home library Current library Shelving location Date acquired Full call number Barcode Price effective from Koha item type
Dewey Decimal Classification   TEXT BOOKS LAW SOCIETY OF NAMIBIA LIBRARY - WINDHOEK LAW SOCIETY OF NAMIBIA LIBRARY - WINDHOEK Constitutional and administrative law 11/23/2023 341.77 INT LSN/1988/33 11/23/2023 Books